| 000 | 01345cam a22003251 4500 | ||
|---|---|---|---|
| 001 | 68539 | ||
| 003 | BD-RjUL | ||
| 005 | 20211209081802.0 | ||
| 008 | 170403s1940 nyua b 000 0 eng d | ||
| 035 | _aMITb10561413 | ||
| 035 | _a(BD-RjUL)68749 | ||
| 035 | _aGLIS00561413 | ||
| 040 |
_aDLC _cDLC _dMQM _dRCD _dBD-RjUL _beng |
||
| 041 | _aeng | ||
| 082 |
_223 _a592 _bHYI 1940 |
||
| 099 | _aQL362.H996 | ||
| 100 | 1 |
_aHyman, Libbie Henrietta, _d1888-1969. _9203139 |
|
| 245 | 1 | 4 |
_aThe invertebrates : _bProtozoa through Ctenophora _cLibbie Henrietta Hyman. |
| 260 |
_aNew York : _bMcGraw-Hill, _c1940 |
||
| 300 |
_ax, 726 p. : _bill. ; _c24 cm. |
||
| 490 | 1 | _aMcGraw-Hill publications in the zoological sciences | |
| 500 | _aVol. 6- has series: McGraw-Hill in the invertebrates. | ||
| 500 | _aVol. 4- lack edition statement. | ||
| 504 | _aIncludes bibliographies and Indxes | ||
| 505 | 1 | _a[v. 1.] Protozoa through Ctenophora.--v. 2. Platyhelminthes and Rhynchocoela, the acoelomate Bilateria.--v. 3. Acanthocephala, Aschelminthes, and Entoprocta, the pseudocoelomate Bilateria.--v. 4. Echinodermata, the coelomate Bilateria.--v. 5. Smaller coelomate groups.--v. 6. Mollusca I. | |
| 650 | 0 |
_aInvertebrates. _9203140 |
|
| 830 | 0 |
_aMcGraw-Hill publications in the zoological sciences. _9124923 |
|
| 942 |
_2ddc _cBK |
||
| 999 |
_c68539 _d68539 |
||